| 000 | 00612nam a2200217 a 4500 | ||
|---|---|---|---|
| 001 | 1720 | ||
| 003 | CDMR | ||
| 005 | 20131205153200.0 | ||
| 008 | 130130s2000||||||||||||||||||||||||||||d | ||
| 020 | _a8449308127 | ||
| 040 |
_aCDMR _bcat _cCDMR |
||
| 100 | 1 |
_aMcQuail, Denis _91285 |
|
| 245 | 1 | 0 | _aIntroducción a la teoría de la comunicación de masas |
| 250 | _a3a ed. rev. y ampl. | ||
| 260 |
_aBarcelona _c2000 _bPaidós |
||
| 300 | _a632 p. | ||
| 490 | 0 |
_aPaidós Comunicación. _aTeoría _v18 |
|
| 650 | 0 | 4 |
_9405 _aMitjans de comunicació de massa |
| 650 | 0 | 4 |
_92085 _aComunicació _xTeoria |
| 942 |
_cMON _2ddc |
||
| 999 |
_c1720 _d1720 |
||